000 00345nam a2200157 a 4500
008 190521s1997|||| d
100 1 _aDohnal Jiří
260 _bKMS
_c1997
_aPraha
245 1 0 _aOperace bez narkózy
250 _a1.vydanie
020 _c0
_a8090196098
041 _acze
044 _aCZ
958 _aAUL
300 _a119s.
999 _c20703
_d20703